000 01251nam a2200301 a 4500
001 51771
003 BD-RjUL
005 20211209075718.0
008 160903s1960 mau 001 0 engm
035 _a(BD-RjUL) 51891
040 _aDLC
_cANC
_dSER
_dRQB
_dBD-RjUL
_beng
041 _aeng
082 _223
_a519.55
_bWIE 1960
099 _aQA276.W647 1949
100 1 _aWiener, Norbert,
_d1894-1964.
_9154866
245 1 0 _aExtrapolation, interpolation, and smoothing of stationary time series :
_bwith engineering applications /
_cNorbert Wiener
260 _aCambridge :
_bTechnology Press of the Massachusetts Institute of Technology,
_c1949 [Printing 1960]
300 _aix, 163 p. ;
_c24 cm.
490 1 _aTechnology Press books in science and engineering
500 _aIncludes index.
500 _a"First published during the war as a classified report to Section D 2, National Defense Research Committee."
650 0 _aTime-series analysis.
_9131067
650 0 _aMathematical statistics
_9154867
740 0 _aStationary time series.
830 0 _aTechnology Press books in science and engineering.
_9154870
942 _2ddc
_cBK
949 _aMYGW
_b39080004908213
_b39080004908205
_b39080004908239
_aMYGS
_b39080004908197
_b39080004908221
999 _c51771
_d51771